000 00374nam a22001337a 4500
008 170815b xxu||||| |||| 00| 0 eng d
020 _a9780471644545
041 _aeng
080 _28 ED
_a51
100 _a36
101 _aMAT
245 _aWILEY INTERNATIONAL EDITION ELEMENTARY DIFERENTIAL EQUATIONS AND BOUNDARY VALUE PROBLEMS
_cBOYCE.W.E
942 _2udc
_cBK
999 _c23467
_d23467